000 00256nam a2200109Ia 4500
008 230907s9999||||xx |||||||||||||| ||und||
082 _a530.12
_bBRA
245 0 _aQuantum mechanics /
260 _aPearson,
_bNoida :
_c2007
300 _a803 p.
942 _cBK
999 _c601525
_d601525